The metabolic and molecular bases of inherited disease / (Record no. 114938)

MARC details
000 -LEADER
fixed length control field 01757cam a22003378a 4500
008 - FIXED-LENGTH DATA ELEMENTS--GENERAL INFORMATION
fixed length control field
020 ## - INTERNATIONAL STANDARD BOOK NUMBER
International Standard Book Number 0070607311 (v. 3 : alk. paper)
050 00 - LIBRARY OF CONGRESS CALL NUMBER
Classification number MAIN
-- (31073)
090 ## - LOCALLY ASSIGNED LC-TYPE CALL NUMBER (OCLC); LOCAL CALL NUMBER (RLIN)
Classification number (OCLC) (R) ; Classification number, CALL (RLIN) (NR) RB147 THE
003 - CONTROL NUMBER IDENTIFIER
control field
005 - DATE AND TIME OF LATEST TRANSACTION
control field 20230120203957.0
040 ## - CATALOGING SOURCE
Transcribing agency NUST
049 ## - LOCAL HOLDINGS (OCLC)
Holding library MAIN
245 04 - TITLE STATEMENT
Title The metabolic and molecular bases of inherited disease /
Statement of responsibility, etc. editors, Charles R. Scriver ... [et al.] ; consulting editors, John B. Stanbury, James B. Wyngaarden, Donald G. Fredrickson.
250 ## - EDITION STATEMENT
Edition statement 7th ed.
260 ## - PUBLICATION, DISTRIBUTION, ETC.
Place of publication, distribution, etc. New York :
Name of publisher, distributor, etc. McGraw-Hill, Health Professions Division,
Date of publication, distribution, etc. c1995.
300 ## - PHYSICAL DESCRIPTION
Extent 3 v. (xxxvi, 4605, 93 p.) :
Other physical details ill. ;
Dimensions 29 cm.
500 ## - GENERAL NOTE
General note Rev. ed. of: The metabolic basis of inherited disease. 6th ed. c1989.
504 ## - BIBLIOGRAPHY, ETC. NOTE
Bibliography, etc. note Includes bibliographical references.
505 0# - FORMATTED CONTENTS NOTE
Formatted contents note V. 1. General themes -- Cancer and genetics -- Chromosomes and autosomes -- Carbohydrates -- Amino acids -- Organic acids -- V. 2. Purines and pyrimidines -- Lipoprotein and lipid metabolism disorders -- Porphyrins and heme -- Metals -- Peroxisomes -- Lysosomal enzymes -- Hormones: synthesis and action -- Vitamins -- V. 3. Blood and blood forming tissue -- Membrane transport systems -- Defense and immune mechanisms -- Connective tissues -- Muscle -- Eye -- Skin -- Intestine -- Neurogenetics -- Significant developments in progress.
650 #0 - SUBJECT ADDED ENTRY--TOPICAL TERM
Topical term or geographic name entry element Metabolism, Inborn errors of.
650 #0 - SUBJECT ADDED ENTRY--TOPICAL TERM
Topical term or geographic name entry element Medical genetics.
650 #0 - SUBJECT ADDED ENTRY--TOPICAL TERM
Topical term or geographic name entry element Pathology, Molecular.
650 12 - SUBJECT ADDED ENTRY--TOPICAL TERM
Topical term or geographic name entry element Hereditary Diseases.
650 22 - SUBJECT ADDED ENTRY--TOPICAL TERM
Topical term or geographic name entry element Metabolic Diseases.
650 22 - SUBJECT ADDED ENTRY--TOPICAL TERM
Topical term or geographic name entry element Metabolism, Inborn Errors.
700 1# - ADDED ENTRY--PERSONAL NAME
Personal name Scriver, Charles R.
740 01 - ADDED ENTRY--UNCONTROLLED RELATED/ANALYTICAL TITLE
Uncontrolled related/analytical title Metabolic basis of inherited disease.
907 ## - LOCAL DATA ELEMENT G, LDG (RLIN)
a .b10254420
b 15-04-08
c 15-04-08
942 ## - ADDED ENTRY ELEMENTS (KOHA)
Koha item type Ordinary Loan Books
Call number prefix RB147 THE
Holdings
Date last seen Total Checkouts Full call number Barcode Cost, replacement price Price effective from Koha item type Lost status Source of classification or shelving scheme Damaged status Not for loan Collection Withdrawn status Home library Current library Shelving location Date acquired Cost, normal purchase price
01/20/2023   MAIN 92004005196 80.00 01/20/2023 BOOKS   LCC     NFIC   Medical Medical GEN 01/20/2023 80.00